000
00327nam a22001337a 4500
005
20240130112943.0
008
240130b |||||||| |||| 00| 0 eng d
020
_a
81-204-0405-X
041
_a
eng
245
_a
HOW TO READ A BALANCE SHEET
260
_a
NEW DELHI
_b
OXFORD PUBLISHING HOUSE
_c
1985
300
_a
213;p
942
_c
BK
999
_c
8500
_d
8498